Statistics for 3-Letter Scrabble Words that start with "J"

Click here to take the quiz!

General Stats

  • This quiz has been taken 358 times
  • The average score is 20 of 23

Answer Stats

Answer % Correct
jam
98%
jar
96%
jet
96%
jab
96%
jaw
94%
jag
94%
job
93%
jog
93%
jay
91%
jot
90%
jig
90%
jut
89%
jug
88%
joe
88%
jew
88%
jib
87%
jin
86%
joy
84%
jee
83%
jus
82%
jun
82%
jow
82%
jeu
78%

Score Distribution

Percentile by Number Answered

Percent of People with Each Score

Your Score History

You have not taken this quiz